01137nam a2200313Ia 450000500170000000800410001702000180005804100080007610000270008424500730011125000220018430000490020649000450025552100350030053400160033565000480035165000480039965000410044765000350048865000330052365000460055670000380060226400490064033600270068933700330071633800280074904000350077708400110081220220317001755.0170328s2014 m a g 000 j s  a9786071619280 aspa1 aBrowne, Anthonyd1946-10aQuétal si ?cAnthony Browne ; traducción de Laura Emilia Pacheco aPrimera edición a[27] páginasbilustraciones a colorc30 cm aLos especiales de A la orilla del viento aRecomendado desde los 6 años tWhat if...?142LEMBaCuentos infantiles inglesesySiglo XX142LEMBaLiteratura infantil inglesaySiglo XX142LEMBaImaginación en la literatura142LEMBaNiños en la literatura142LEMBaMiedo en la literatura142LEMBaFiestas infantiles en la literatura1 aPacheco, Laura Emiliaetraductora aMéxicobFondo de Cultura Económicac2014 atextobtxt2rdacontent asin mediaciónbn2rdamedia avolumenbnc2rdacarrier aCO-BoRNBPbspaerdacCO-BoRNBP aC BRO1